00492nam a2200145Ia 4500008004100000041000800041082001500049100001500064245003900079260004400118300003000162365000700192999001300199952013400212240624s9999 xx 000 0 und d aeng a658.45 LUD aLUDLOW RON aESSENCE OF EFFECTIVE COMMUNICATION c2003aNew DelhibPrentice-Hall of India avi, : 156 : p. : cm. ; 23 cRS c250d250 00104070aIMTNbIMTNcRack 33-Ad2004-11-04eJBDg95.00l2o658.45 LUDp250r2025-02-07 00:00:00s2025-01-27t1w2024-06-24yBK